000 00627nam a2200241Ia 4500
003 OSt
005 20220928125055.0
006 a|||||r|||| 00| 0
007 ta
008 220927b |||||||| |||| 00| 0 eng d
024 _a66088
037 _cTextual
040 _aSDCL
_cSDCL
_beng
041 _2eng
_aeng
082 _aX81:8, P5
100 _aBagchi S K
_9447437
245 0 _aTreasury risk management
260 _aMumbai
_bJaico Publishing House
_c2005
300 _axvii,185p
_ccm.
650 _aRisk Management
_9391293
942 _hX81:8, P5
_cTEXL
_2CC
999 _c780798
_d780798